| 000 | 00909cam a2200277 a 4500 | ||
|---|---|---|---|
| 003 | UPN | ||
| 005 | 20220613123306.0 | ||
| 008 | 191210s2003 mx fr 000 e spa d | ||
| 020 | _a9706801200 | ||
| 035 | _aUPN01000234761 | ||
| 040 |
_aMX-MxUPN _bspa _cMX-MxUPN |
||
| 050 | 4 |
_aZ693 A2 _bB35 2003 |
|
| 100 | 1 |
_aBaker, Nicholson, _d1956- _938424 |
|
| 245 | 1 | 0 | _aDescartes |
| 250 | _aPrimera edición | ||
| 260 |
_aMéxico : _bUniversidad Nacional Autónoma de México, Instituto de Investigaciones Bibliográficas : _bVerdehalago, _c2003. |
||
| 300 | _a106 páginas | ||
| 490 |
_aColección & ; _v7 |
||
| 500 | _aEdición de 777 ejemplares numerados. | ||
| 650 | 7 |
_9952 _aCatalogación _xHistoria |
|
| 650 | 7 |
_96500 _aCatálogos de bibliotecas _vEstudio de casos |
|
| 700 | 1 |
_944819 _aEscamilla González, Gloria _etraductora |
|
| 905 | _aLibro | ||
| 942 |
_n0 _2lcc _cLIBRO |
||
| 999 |
_c206856 _d206856 |
||